000 01244cam a22003497a 4500
003 CHAP
005 20220329142728.0
008 030317d2002 mx r 00110 spa d
010 _a86959
011 _a87931
035 _a98476
040 _cCHAP
090 _aTesis
100 0 0 _aVargas Sánchez, José Manuel.
_9118101
245 1 0 _aInseminación artificial en conejos con 2 dilutores diferentes a temperatura de 18-23 C.
_c/por José Manuel Vargas Sánchez
260 _aChapingo, Méx. :
_bEl autor,
_c2002.
300 _a51 h.
502 _aTesis (Ing. Agr. Esp. en Zootecnia) -- UACH. Departamento de Zootecnia
590 _aALEPH
_b10
_c20130110
_lUCH01
_h1452
590 _aBATCH-UPD
_b10
_c20130110
_lUCH01
_h0744
590 _aBATCH-UPD
_b10
_c20130410
_lUCH01
_h0425
590 _aBATCH-UPD
_b10
_c20130914
_lUCH01
_h1028
590 _aCONVERSION
_b10
_c20130109
_lUCH01
_h1348
650 1 4 _aConejos
_xReproducción.
_926378
650 1 4 _aInseminación artificial.
_958964
650 1 4 _aTemperatura
_xEfecto en semen.
_9112221
901 _aBK
905 _aMayto Villalobos S.
942 _cFOLL
949 _aTesis
_bBC
_cTES
_d33724000887535
_eTS2
_fc.2
_h40556
_i98476
_si
949 _aTesis
_bBC
_cTES
_d98476123
_eTS1
_h40555
_i98476
_sb
999 _c86959
_d86959